[Event "Superettan(Rockaden II, Sthlm-Farsta)"]
[Site "?"]
[Date "2025.01.17"]
[Round "4"]
[White "Ong, Kezli"]
[Black "Bryntze, Stefan"]
[Result "1-0"]
[WhiteElo "2261"]
[BlackElo "2229"]
[PlyCount "101"]
[SourceVersionDate "2025.02.02"]

1. e4 c6 2. d4 d5 3. Nd2 dxe4 4. Nxe4 Nf6 5. Nxf6+ gxf6 6. c3 e5 7. Nf3 Bg7 8. Bd3 Bg4 9. Be3 Qe7 10. Qc2 Bxf3 11. gxf3 exd4 12. cxd4 Bh6 13. O-O-O Bxe3+ 14. fxe3 Nd7 15. Rhe1 O-O-O 16. Bxh7 Nb6 17. Bf5+ Kb8 18. h3 Nd5 19. e4 Nf4 20. Qh2 Qc7 21. Rh1 Rdg8 22. Bg4 f5 23. exf5 Re8 24. Rd2 Re3 25. Rhd1 Rhe8 26. Kc2 c5 27. d5 Qe5 28. d6 c4 29. d7 Rd8 30. Kb1 c3 31. bxc3 Rxd7 32. Rxd7 Re2 33. Rd8+ Kc7 34. R8d7+ Kb8 35. Rd8+ Kc7 36. R8d7+ Kb8 37. R7d5 Qe3 38. Rd8+ Kc7 39. R8d7+ Kb8 40. Rd8+ Kc7 41. R8d7+ Kb8 42. Qg1 Rf2 43. Rd8+ Kc7 44. R8d2 Ne2 45. Rxe2 Qxe2 46. Qg3+ Kb6 47. Qd6+ Ka5 48. Qb4+ Ka6 49. Qa4+ Kb6 50. Rd6+ Kc5 51. Qb4# 1-0

[Event "Superettan(Schack 08-Vasteras)"]
[Site "?"]
[Date "2025.01.17"]
[Round "4"]
[White "Bjorkman, Filip"]
[Black "Ask, Josef"]
[Result "1-0"]
[WhiteElo "2141"]
[BlackElo "2084"]
[PlyCount "81"]
[SourceVersionDate "2025.02.07"]

1. e4 c5 2. Nf3 Nc6 3. d4 cxd4 4. Nxd4 Nf6 5. Nc3 e5 6. Ndb5 d6 7. Bg5 a6 8. Na3 Be6 9. Nc4 Nd4 10. Bd3 Rc8 11. Ne3 h6 12. Bxf6 gxf6 13. Ncd5 Rg8 14. c3 Nc6 15. Qf3 Rg6 16. O-O Bg7 17. Rfd1 h5 18. Qxh5 Rg5 19. Qf3 Kf8 20. Rd2 Rg6 21. Nf5 Bxd5 22. exd5 Na5 23. Ne3 Rh6 24. b4 Rxc3 25. bxa5 Qxa5 26. Rad1 Rh4 27. g3 Ra4 28. Bb1 Rb4 29. Rc2 Rd4 30. Rdc1 Rxc2 31. Rxc2 Qe1+ 32. Kg2 Qxb1 33. Qf5 Qb5 34. Rc8+ Ke7 35. Rc7+ Kf8 36. Qc8+ Qe8 37. Qxb7 Bh6 38. Nf5 Rd2 39. Nxd6 Qa4 40. Rxf7+ Kg8 41. Qc8+ 1-0

[Event "Superettan(Kristineberg-Helsingborg)"]
[Site "?"]
[Date "2025.01.17"]
[Round "4"]
[White "Rosell, Tomas"]
[Black "Engstrom, Kaj"]
[Result "0-1"]
[WhiteElo "2180"]
[BlackElo "2171"]
[PlyCount "72"]
[EventDate "2025.??.??"]
[SourceVersionDate "2025.02.01"]

1. e4 c5 2. Nc3 e6 3. f4 a6 4. Nf3 b5 5. Qe2 Bb7 6. g3 b4 7. Nd1 Nf6 8. d3 Nc6 9. c3 a5 10. Bg2 Be7 11. O-O a4 12. h3 Qb6 13. Be3 a3 14. b3 bxc3 15. Nxc3 Qa5 16. Rac1 O-O 17. g4 d5 18. e5 Nd7 19. Bf2 Nb4 20. f5 Qa6 21. Rcd1 d4 22. Na4 Nd5 23. Qd2 Qa5 24. Qc1 Rab8 25. Rfe1 Bc6 26. Ng5 Qa8 27. fxe6 fxe6 28. Nxe6 Rxf2 29. Kxf2 Ne3 30. Be4 Bxe4 31. dxe4 Bh4+ 32. Kg1 Bxe1 33. Rxe1 Qxe4 34. Re2 Qxe5 35. Naxc5 Qg3+ 36. Kh1 Qf3+ 0-1

[Event "Superettan(Rockaden II, Sthlm-Farsta)"]
[Site "?"]
[Date "2025.01.17"]
[Round "4"]
[White "Sakic, Matija"]
[Black "Jaderberg, Bjorn"]
[Result "1/2-1/2"]
[WhiteElo "1977"]
[BlackElo "2133"]
[PlyCount "138"]
[SourceVersionDate "2025.02.02"]

1. d4 e6 2. Nf3 f5 3. c4 Nf6 4. Nc3 Bb4 5. Qc2 b6 6. Bg5 Bb7 7. O-O-O h6 8. Bxf6 Qxf6 9. Nb5 Na6 10. e3 c6 11. Nc3 Bxc3 12. Qxc3 c5 13. Qb3 O-O 14. Ne5 Rfd8 15. Be2 d6 16. Bf3 Bxf3 17. Nxf3 Nc7 18. Qa4 d5 19. cxd5 Rxd5 20. dxc5 Rxc5+ 21. Kb1 Nd5 22. Rc1 Kh7 23. e4 Ra5 24. Qc6 fxe4 25. Qxa8 exf3 26. gxf3 Qxf3 27. Qc6 Qf5+ 28. Qc2 Qxc2+ 29. Rxc2 g5 30. h4 Kg6 31. hxg5 hxg5 32. a3 Ra4 33. Re1 Nf4 34. Re3 Rd4 35. Rc7 Rd2 36. f3 Nd5 37. Rxe6+ Kf5 38. Rcc6 Rf2 39. Red6 Ke5 40. Rg6 Kf5 41. Rgd6 Ke5 42. Rg6 Kf5 43. Rg7 Rxf3 44. Rxa7 g4 45. Rd7 Ke5 46. Rg6 Nf6 47. Rb7 Kf5 48. Rgg7 Nh5 49. Rg8 Nf6 50. Rgg7 Nh5 51. Rg8 Nf6 52. Rgg7 Nh5 53. Rbf7+ Ke6 54. Rxf3 gxf3 55. Rg1 Kf5 56. Kc2 Ke4 57. Kd2 f2 58. Rf1 Kf3 59. Kc3 Nf4 60. Kc4 Ke2 61. Rxf2+ Kxf2 62. Kb5 Ke3 63. Kxb6 Kd4 64. b4 Nd5+ 65. Kc6 Kc4 66. b5 Ne7+ 67. Kb6 Nd5+ 68. Ka5 Kc5 69. a4 Nb6 1/2-1/2

[Event "Superettan(Schack 08-Vasteras)"]
[Site "?"]
[Date "2025.01.17"]
[Round "4"]
[White "Ottenklev, Niclas"]
[Black "Eriksson, Anders"]
[Result "0-1"]
[WhiteElo "2112"]
[BlackElo "2136"]
[PlyCount "100"]
[SourceVersionDate "2025.02.07"]

1. e4 c6 2. d4 d5 3. exd5 cxd5 4. Bd3 Nc6 5. c3 Nf6 6. Nf3 Bg4 7. Bf4 e6 8. Nbd2 Be7 9. O-O Bh5 10. Re1 O-O 11. h3 a6 12. a4 Rc8 13. Qb1 Bg6 14. Bxg6 hxg6 15. Bg5 Nd7 16. Bxe7 Qxe7 17. Qd3 Qf6 18. Qe3 Rfe8 19. Ne5 Ncxe5 20. dxe5 Qd8 21. Nf3 Qb6 22. Qe2 Rc4 23. Nd2 Rc7 24. Reb1 f6 25. exf6 gxf6 26. c4 d4 27. b4 e5 28. Ra3 Qe6 29. Rg3 Nf8 30. h4 f5 31. h5 e4 32. hxg6 e3 33. fxe3 dxe3 34. g7 Ng6 35. Qh5 Rxg7 36. Nf3 f4 37. Rg5 e2 38. Re1 Qe3+ 39. Kh2 Re6 40. Nh4 Nxh4 41. Qxh4 Rxg5 42. Qxg5+ Kh7 43. Qf5+ Kg7 44. Qg4+ Kf7 45. Qh5+ Ke7 46. Qg5+ Kd7 47. Qg7+ Kc8 48. Qf8+ Kc7 49. Qf7+ Re7 50. Qg6 Qf2 0-1

[Event "Superettan(Vasteras-Kristineberg)"]
[Site "?"]
[Date "2024.10.06"]
[Round "3"]
[White "Bjorkman, Filip"]
[Black "Abedinov, Adnan"]
[Result "1-0"]
[WhiteElo "2114"]
[BlackElo "2164"]
[PlyCount "91"]
[SourceVersionDate "2024.10.30"]

1. e4 d6 2. d4 g6 3. Bc4 c6 4. Nf3 d5 5. Bb3 Bg7 6. e5 Bg4 7. h3 Bxf3 8. Qxf3
e6 9. O-O Ne7 10. Bg5 O-O 11. Re1 h6 12. Bh4 g5 13. Bg3 Nf5 14. c3 Nd7 15. Bc2
Nxg3 16. Qxg3 f5 17. exf6 Qxf6 18. Nd2 e5 19. dxe5 Nxe5 20. Re2 Qf4 21. Qxf4
gxf4 22. Rae1 Rae8 23. Bg6 Re7 24. Bh5 Rf5 25. Bg4 Rg5 26. g3 f3 27. Bxf3 Rf7
28. Bg2 Nd3 29. Rf1 b5 30. Nf3 Rgf5 31. Nd4 Bxd4 32. cxd4 Kf8 33. a3 Re7 34.
Rxe7 Kxe7 35. b3 Rf6 36. h4 Re6 37. Bf3 a5 38. Bg4 Re1 39. Bf5 Rxf1+ 40. Kxf1
Nc1 41. Bc2 b4 42. axb4 axb4 43. g4 Na2 44. f4 Nc3 45. Bd3 Ke6 46. Kf2 1-0

[Event "Superettan(Wasa II-Skara)"]
[Site "?"]
[Date "2024.10.06"]
[Round "3"]
[White "Lilliehook, Victor"]
[Black "Friberg, Hans"]
[Result "1-0"]
[WhiteElo "2017"]
[BlackElo "2168"]
[PlyCount "73"]
[SourceVersionDate "2024.10.31"]

1. e4 Nf6 2. e5 Nd5 3. c4 Nb6 4. d4 d6 5. f4 dxe5 6. fxe5 Bf5 7. Nf3 e6 8. Nc3 Nc6 9. Be3 Be7 10. Be2 O-O 11. O-O f6 12. exf6 Bxf6 13. Qd2 Qe7 14. Rad1 Rad8 15. Kh1 Nxd4 16. Bxd4 e5 17. Nxe5 Bxe5 18. Qe3 Bd6 19. Qxe7 Bxe7 20. c5 Nc8 21. Bc4+ Kh8 22. Nd5 Bg4 23. Rxf8+ Rxf8 24. Re1 Bd8 25. Ne3 Bd7 26. Rd1 Bc6 27. Ng4 Be7 28. Ne5 Be8 29. Be6 Bg6 30. Nxg6+ hxg6 31. Rd3 Rf4 32. Rh3+ Bh4 33. Be3 Re4 34. Bxc8 Kg8 35. Bxb7 Re5 36. Rxh4 Rxe3 37. h3 1-0

[Event "Superettan(Vasteras-Kristineberg)"]
[Site "?"]
[Date "2024.10.06"]
[Round "3"]
[White "Bornlinder Thiborg, Jesper"]
[Black "Backman, Andreas"]
[Result "1-0"]
[WhiteElo "2080"]
[BlackElo "2103"]
[PlyCount "109"]
[SourceVersionDate "2024.10.30"]

1. d4 g6 2. Nf3 Bg7 3. g3 d6 4. Bg2 Nf6 5. O-O O-O 6. c4 c6 7. Nc3 Qb6 8. Qc2
Qa6 9. b3 b5 10. Nd2 d5 11. cxd5 cxd5 12. Bxd5 Nxd5 13. Nxd5 Qb7 14. Qe4 Nc6
15. e3 Kh8 16. Ba3 Bf5 17. Qf3 Qd7 18. Rfc1 Bg4 19. Qg2 Bh3 20. Qh1 b4 21. Nxb4
Nxd4 22. exd4 Bxd4 23. Qd5 Qxd5 24. Nxd5 Bxa1 25. Rxa1 Rfd8 26. Bb2+ Kg8 27.
Nxe7+ Kf8 28. Ne4 Kxe7 29. Bf6+ Kf8 30. Bxd8 Rxd8 31. Ng5 Bg4 32. h3 h6 33.
Nxf7 Kxf7 34. hxg4 Kf6 35. Rc1 Rd2 36. Rc6+ Kg5 37. Ra6 Kxg4 38. Rxg6+ Kf3 39.
Rf6+ Kg4 40. Rf4+ Kg5 41. Rc4 Rd7 42. Kg2 Kf5 43. Kh3 Ke5 44. Rc6 Rh7 45. Kh4
Ke4 46. Kh5 Rf7 47. f4 Kf3 48. Rg6 Rc7 49. Kxh6 Rc2 50. Rc6 Kxg3 51. f5 Kf4 52.
f6 Rh2+ 53. Kg7 Rg2+ 54. Kf8 Kf5 55. f7 1-0

[Event "Superettan(Wasa II-Skara)"]
[Site "?"]
[Date "2024.10.06"]
[Round "3"]
[White "Thorn, Joachim"]
[Black "Douhan, David"]
[Result "0-1"]
[WhiteElo "1984"]
[BlackElo "2033"]
[PlyCount "65"]
[SourceVersionDate "2024.10.31"]

1. e4 c5 2. Nf3 d6 3. d4 cxd4 4. Nxd4 Nf6 5. Nc3 a6 6. h3 e6 7. g4 Be7 8. Be3 b5 9. Bg2 Bb7 10. a3 Nfd7 11. f4 Nb6 12. b3 N8d7 13. Ra2 Rc8 14. Qd2 Qc7 15. Nce2 Nc5 16. Ng3 Bh4 17. Bf2 Bxg3 18. Bxg3 Nxe4 19. Bxe4 Bxe4 20. O-O Ba8 21. f5 e5 22. Nf3 f6 23. g5 Nd5 24. gxf6 gxf6 25. Qh6 Qf7 26. c4 bxc4 27. bxc4 Rxc4 28. Rb2 Rc8 29. Re1 Ne7 30. Nh4 Rg8 31. Kh2 Rg5 32. Rd1 Ng8 33. Qxg5 0-1

[Event "Superettan(Vasteras-Kristineberg)"]
[Site "?"]
[Date "2024.10.06"]
[Round "3"]
[White "Kimari, Patrick"]
[Black "Dimovski, Mende"]
[Result "1-0"]
[WhiteElo "2098"]
[BlackElo "2113"]
[PlyCount "173"]
[SourceVersionDate "2024.10.30"]

1. e4 d5 2. Nc3 dxe4 3. Nxe4 Nf6 4. Nxf6+ exf6 5. d4 Bd6 6. Bd3 O-O 7. Qh5 g6
8. Qh4 c5 9. Ne2 cxd4 10. O-O Nc6 11. Bf4 Ne5 12. Qg3 Re8 13. Bb5 Bd7 14. Nxd4
Bc5 15. Bxd7 Qxd7 16. Nb3 Bb6 17. Rad1 Qc6 18. c3 Qa4 19. Rd6 Qxa2 20. Nd4 Bd8
21. Nf5 Qa5 22. Rfd1 Nf3+ 23. Qxf3 Qxf5 24. g4 Qc2 25. Rd7 Bb6 26. Bh6 Re6 27.
R1d2 Re1+ 28. Kg2 Qe4 29. Qxe4 Rxe4 30. Kf3 Rae8 31. Rxb7 g5 32. h4 f5 33. gxf5
Rf4+ 34. Kg3 Rxf5 35. Bxg5 Kg7 36. f3 h6 37. Kg4 Ree5 38. Bf4 Rb5 39. c4 h5+
40. Kg3 Bf2+ 41. Kxf2 Rxb7 42. Bd6 Rb3 43. f4 Kf6 44. Re2 Ra5 45. c5 Rd3 46.
Re5 Rb5 47. Be7+ Kg6 48. Rg5+ Kh6 49. Bf6 Rb4 50. Rg8 Rxf4+ 51. Ke2 Rff3 52.
Bg5+ Kh7 53. Re8 Rh3 54. c6 Rb3 55. Bf6 Rh2+ 56. Kd1 Rd3+ 57. Ke1 Rc2 58. Bc3
Rcxc3 59. bxc3 Rxc3 60. Rc8 a5 61. Kd2 Rc5 62. Kd3 a4 63. Kd4 Rc2 64. Kd5 a3
65. Kd6 a2 66. Ra8 f5 67. c7 f4 68. Rxa2 Rc1 69. Rf2 Rc4 70. Kd7 Rd4+ 71. Ke7
Rc4 72. Kd6 Kg6 73. Rxf4 Rxf4 74. c8=Q Rxh4 75. Ke5 Rg4 76. Qf5+ Kh6 77. Kf6
Rg8 78. Qf4+ Kh7 79. Qc7+ Kh6 80. Qf7 Rg4 81. Qf8+ Kh7 82. Kf5 Rg7 83. Qe8 h4
84. Qh5+ Kg8 85. Qxh4 Rf7+ 86. Ke6 Rg7 87. Qh5 1-0

[Event "Superettan(Wasa II-Skara)"]
[Site "?"]
[Date "2024.10.06"]
[Round "3"]
[White "Eriksson, Lennarth"]
[Black "Cederqvist, Niclas"]
[Result "0-1"]
[WhiteElo "1958"]
[BlackElo "1955"]
[PlyCount "72"]
[SourceVersionDate "2024.10.31"]

1. b3 d5 2. Bb2 Nf6 3. e3 c5 4. f4 Nc6 5. Bb5 Qb6 6. a4 a6 7. Bxc6+ Qxc6 8. Nf3 Bg4 9. O-O e6 10. Qe1 Bxf3 11. Rxf3 Be7 12. d3 c4 13. bxc4 dxc4 14. Na3 Qxa4 15. dxc4 Qc6 16. Rg3 g6 17. Rh3 h5 18. g4 Rg8 19. g5 Ne4 20. Qe2 Rc8 21. c5 Qxc5 22. Bd4 Qc6 23. Qd3 b5 24. c4 b4 25. Nc2 Nc5 26. Bxc5 Bxc5 27. Rg3 Ke7 28. Rg2 Rgd8 29. Qb3 Rd6 30. Qb2 Rcd8 31. Qf6+ Ke8 32. Qh8+ Kd7 33. Qf6 Kc8 34. Nd4 Bxd4 35. exd4 Rxd4 36. Re1 Rd2 0-1

[Event "Superettan(Lulea-Helsingborg)"]
[Site "?"]
[Date "2024.10.06"]
[Round "3"]
[White "Beerdsen, Thomas"]
[Black "Mikheev, Stanislav"]
[Result "1-0"]
[WhiteElo "2509"]
[BlackElo "2234"]
[PlyCount "137"]
[SourceVersionDate "2024.10.30"]

1. d4 d5 2. c4 c6 3. Nf3 Nf6 4. e3 e6 5. Nc3 Nbd7 6. Qc2 Bd6 7. Be2 O-O 8. O-O
dxc4 9. Bxc4 b5 10. Bd3 Bb7 11. a4 b4 12. Ne4 Nxe4 13. Bxe4 Nf6 14. Bd3 c5 15.
dxc5 Rc8 16. Qe2 Bxf3 17. gxf3 Rxc5 18. f4 Nd5 19. Rd1 Qh4 20. Qf3 Rfc8 21. Ba6
Rf8 22. Bb7 Bc7 23. Bxd5 exd5 24. Bd2 a5 25. Rac1 Qe7 26. b3 Bb6 27. Rxc5 Qxc5
28. Rc1 Qd6 29. f5 f6 30. Rc2 Rd8 31. Bc1 h6 32. Bb2 Kh8 33. Kg2 Qd7 34. Qf4
Kh7 35. Qg4 Qe8 36. Kf1 Rd6 37. Bd4 Bxd4 38. Rc7 Qf8 39. Qxd4 Qa8 40. Qg4 Qf8
41. Qd4 Qa8 42. Qc5 Qa6+ 43. Ke1 d4 44. e4 Kh8 45. Qc4 Qxc4 46. Rxc4 g6 47. Rc5
gxf5 48. exf5 d3 49. Kd2 Kg7 50. Rxa5 Rc6 51. Ra7+ Kg8 52. Rb7 Rc2+ 53. Ke3 d2
54. Ke2 d1=Q+ 55. Kxd1 Rxf2 56. Rxb4 Rxf5 57. Rb7 Kf8 58. b4 Ke8 59. a5 Kd8 60.
a6 Kc8 61. b5 Rf1+ 62. Kc2 Ra1 63. Kb2 Ra5 64. Kb3 f5 65. Kb4 Ra1 66. Kc5 f4
67. Rf7 Ra4 68. a7 f3 69. b6 1-0

[Event "Superettan(Orgryte-Farsta)"]
[Site "?"]
[Date "2024.10.06"]
[Round "3"]
[White "Degerman, Lars"]
[Black "Torngren, Gustav"]
[Result "1-0"]
[WhiteElo "2422"]
[BlackElo "2269"]
[PlyCount "107"]
[SourceVersionDate "2024.10.31"]

1. c4 b6 2. Nf3 Bb7 3. g3 g5 4. Bg2 g4 5. Nh4 Bxg2 6. Nxg2 Bg7 7. Ne3 h5 8. Nc3 e6 9. d4 Nc6 10. d5 Nd4 11. Nc2 Nxc2+ 12. Qxc2 h4 13. dxe6 dxe6 14. Qe4 Nf6 15. Qc6+ Ke7 16. Bg5 Qd6 17. Qe4 Rad8 18. O-O Ke8 19. Bxf6 Bxf6 20. Rad1 Qe5 21. Rxd8+ Kxd8 22. Qxg4 Qh5 23. Rd1+ Ke7 24. Qxh5 Rxh5 25. Rd3 h3 26. b3 a6 27. f4 b5 28. cxb5 axb5 29. Ne4 Bb2 30. Kf2 c5 31. g4 Rd5 32. Rxd5 exd5 33. Ng5 c4 34. Ke1 Bc1 35. Nxh3 Be3 36. Kd1 Kd6 37. Kc2 d4 38. bxc4 bxc4 39. a4 Kd5 40. a5 Ke4 41. a6 d3+ 42. exd3+ cxd3+ 43. Kd1 Kf3 44. Ng5+ Kxf4 45. Nxf7 Kxg4 46. Ne5+ Kh3 47. Nc4 Ba7 48. Kd2 Kxh2 49. Kxd3 Kg3 50. Ke4 Kf2 51. Kd5 Ke2 52. Kc6 Kd3 53. Kb7 Bg1 54. Nb6 1-0

[Event "Superettan(Rockaden,Sthlm II-Schack 08)"]
[Site "?"]
[Date "2024.10.06"]
[Round "3"]
[White "Nyander, Joakim"]
[Black "Kenneskog, Theodor"]
[Result "1/2-1/2"]
[WhiteElo "2159"]
[BlackElo "2278"]
[PlyCount "70"]
[SourceVersionDate "2024.10.31"]

1. Nf3 d5 2. c4 e6 3. g3 Nf6 4. Bg2 d4 5. O-O c5 6. d3 Nc6 7. e3 h6 8. a3 a5 9. exd4 cxd4 10. b3 Be7 11. Re1 Nd7 12. Re2 O-O 13. Rb2 Nc5 14. Ne1 e5 15. Nd2 Be6 16. Ne4 Na6 17. f4 Qd7 18. Nf3 f6 19. Re2 exf4 20. Bxf4 Rae8 21. Nf2 Bf7 22. Bh3 Qd8 23. Bf5 g5 24. Bc1 Kg7 25. Bh3 Bg6 26. Bg2 Bd6 27. Raa2 Nc5 28. Rab2 Rxe2 29. Rxe2 Re8 30. Rxe8 Qxe8 31. Bb2 Qe3 32. Bc1 Qe7 33. Bb2 Qe3 34. Bc1 Qe7 35. Bb2 Qe3 1/2-1/2

[Event "Superettan(Lulea-Helsingborg)"]
[Site "?"]
[Date "2024.10.06"]
[Round "3"]
[White "Ernst, Thomas"]
[Black "Semcesen, Daniel"]
[Result "1/2-1/2"]
[WhiteElo "2261"]
[BlackElo "2433"]
[PlyCount "96"]
[SourceVersionDate "2024.10.30"]

1. e4 e5 2. Nf3 Nc6 3. Bb5 a6 4. Ba4 Nf6 5. O-O Be7 6. Re1 b5 7. Bb3 d6 8. c3
O-O 9. h3 Re8 10. d4 Bf8 11. Nbd2 h6 12. Bc2 Bb7 13. a4 Nb8 14. Bd3 c6 15. Nf1
Nbd7 16. Ng3 g6 17. Be3 Bg7 18. Qc2 Qc7 19. dxe5 Nxe5 20. Nxe5 dxe5 21. c4 b4
22. c5 a5 23. Nf1 Rad8 24. Nd2 Bc8 25. Nc4 Re7 26. Nd6 Be6 27. Bc4 Ne8 28. Bxe6
Rxe6 29. Nc4 Re7 30. Rad1 Red7 31. Rxd7 Rxd7 32. Rd1 Rxd1+ 33. Qxd1 Bf8 34. Nb6
Nf6 35. f3 Be7 36. Kf1 h5 37. Qd3 Qb7 38. Nc4 Qc7 39. Nd2 Nd7 40. Nb3 Nb8 41.
Ke2 Qd8 42. Qxd8+ Bxd8 43. f4 f6 44. fxe5 fxe5 45. Kd3 Kf7 46. Nd2 Nd7 47. Nf3
Be7 48. Kc4 Ke6 1/2-1/2

[Event "Superettan(Orgryte-Farsta)"]
[Site "?"]
[Date "2024.10.06"]
[Round "3"]
[White "Frisk Kockum, Anton"]
[Black "Livner, Anders"]
[Result "1/2-1/2"]
[WhiteElo "2344"]
[BlackElo "2295"]
[PlyCount "107"]
[SourceVersionDate "2024.10.31"]

1. e4 c6 2. Nf3 d5 3. exd5 cxd5 4. Ne5 Nc6 5. d4 a6 6. c3 Nxe5 7. dxe5 Bf5 8. Nd2 e6 9. Nb3 Be4 10. Nd4 Bc5 11. Qa4+ Kf8 12. Be3 Rc8 13. f3 Bg6 14. Be2 Ne7 15. O-O Kg8 16. f4 Be4 17. Qd1 Qd7 18. Qd2 h5 19. Rac1 g6 20. Nb3 Bxe3+ 21. Qxe3 Nf5 22. Qa7 Kg7 23. Rfd1 Qe7 24. Nd4 Nxd4 25. Qxd4 Rc7 26. Qe3 Rhc8 27. Rd4 Qc5 28. Rf1 Bf5 29. Qf2 a5 30. h3 Rh8 31. g4 hxg4 32. hxg4 Be4 33. Bf3 Bxf3 34. Qxf3 Qe7 35. Rf2 Rc4 36. f5 exf5 37. gxf5 gxf5 38. Rg2+ Kf8 39. Qxd5 Rxd4 40. cxd4 Rg8 41. Rxg8+ Kxg8 42. Kf1 Qh4 43. Qxb7 Qf4+ 44. Ke2 Qxd4 45. Qa8+ Kg7 46. Qxa5 Qxb2+ 47. Kf3 Qd4 48. a3 Qd3+ 49. Kf2 Qd4+ 50. Ke2 f4 51. a4 Qe3+ 52. Kf1 Qf3+ 53. Ke1 Qe3+ 54. Kf1 1/2-1/2

[Event "Superettan(Rockaden,Sthlm II-Schack 08)"]
[Site "?"]
[Date "2024.10.06"]
[Round "3"]
[White "Berovski, Krum"]
[Black "Karlsson, Tomas"]
[Result "1/2-1/2"]
[WhiteElo "2339"]
[BlackElo "2260"]
[PlyCount "99"]
[SourceVersionDate "2024.10.31"]

1. d4 d5 2. c4 e6 3. Nc3 a6 4. e4 dxe4 5. Nxe4 Nf6 6. Nxf6+ Qxf6 7. Nf3 Bb4+ 8. Bd2 Bxd2+ 9. Qxd2 Nd7 10. Be2 O-O 11. O-O e5 12. dxe5 Nxe5 13. Nxe5 Qxe5 14. Bf3 c6 15. Rfe1 Qf6 16. c5 a5 17. a3 Be6 18. Rad1 Bb3 19. Rc1 Rfd8 20. Qe2 Be6 21. Rcd1 g6 22. Rd6 Rxd6 23. cxd6 Rd8 24. Rd1 Kg7 25. Rd2 Bd5 26. Bxd5 Qxd6 27. Qf3 cxd5 28. Qc3+ d4 29. Qxa5 h5 30. g3 d3 31. h4 Kh7 32. Qc3 Qd5 33. a4 Qe4 34. Qc7 Qd5 35. Qc3 Rd7 36. Kh2 Qe4 37. a5 Rd5 38. Kg1 Rd4 39. b3 Rd6 40. Qc4 Qe7 41. Rxd3 Rc6 42. Qd5 Rc5 43. Re3 Qc7 44. Qd4 Qc6 45. Qe4 Rxa5 46. Qxc6 bxc6 47. Rc3 Rb5 48. Kg2 Kg7 49. Kf3 Kf8 50. Rxc6 1/2-1/2

[Event "Superettan(Lulea-Helsingborg)"]
[Site "?"]
[Date "2024.10.06"]
[Round "3"]
[White "Sylvan, Jacob"]
[Black "Marcussen, Arno"]
[Result "1-0"]
[WhiteElo "2313"]
[BlackElo "2159"]
[PlyCount "45"]
[SourceVersionDate "2024.10.30"]

1. c4 e5 2. Nc3 d6 3. Nf3 c6 4. d4 Nd7 5. e4 Be7 6. Be2 Ngf6 7. O-O O-O 8. Qc2
Re8 9. Rd1 exd4 10. Nxd4 Ne5 11. h3 Bf8 12. Bf4 Qe7 13. Bg3 Ng6 14. Re1 Qc7 15.
Rad1 Bd7 16. c5 Ne5 17. cxd6 Bxd6 18. f4 Ng6 19. e5 Nxf4 20. exd6 Qxd6 21. Kh2
Re3 22. Nf5 Bxf5 23. Qxf5 1-0

[Event "Superettan(Orgryte-Farsta)"]
[Site "?"]
[Date "2024.10.06"]
[Round "3"]
[White "Lundin, Jan"]
[Black "Anderzen, Robert"]
[Result "1-0"]
[WhiteElo "2181"]
[BlackElo "2094"]
[PlyCount "75"]
[SourceVersionDate "2024.10.31"]

1. e4 c5 2. Nc3 Nc6 3. g3 g6 4. Bg2 Bg7 5. d3 d6 6. f4 Rb8 7. Nf3 b5 8. a3 a5 9. O-O b4 10. axb4 axb4 11. Nd5 Nf6 12. Ne3 O-O 13. f5 d5 14. e5 Ne8 15. e6 fxe6 16. fxg6 hxg6 17. Ng4 Nd6 18. Bh6 Nf5 19. Bxg7 Kxg7 20. Qd2 Rh8 21. Nge5 Nxe5 22. Nxe5 Qd6 23. Rae1 Bd7 24. g4 Nh6 25. Qg5 Be8 26. Rf4 Ng8 27. Ref1 Nf6 28. Rxf6 exf6 29. Qxf6+ Kg8 30. Bxd5 Rb6 31. Be4 Rh7 32. Bxg6 Bxg6 33. Qxg6+ Rg7 34. Qe8+ Kh7 35. Qh5+ Kg8 36. Qe8+ Kh7 37. Rf8 Qd4+ 38. Kf1 1-0

[Event "Superettan(Rockaden,Sthlm II-Schack 08)"]
[Site "?"]
[Date "2024.10.06"]
[Round "3"]
[White "Faldt, Magnus"]
[Black "Bator, Robert"]
[Result "1/2-1/2"]
[WhiteElo "2147"]
[BlackElo "2351"]
[PlyCount "94"]
[SourceVersionDate "2024.11.01"]

1. d4 d5 2. c4 e6 3. Nc3 Nf6 4. Nf3 Be7 5. Bg5 O-O 6. e3 Ne4 7. Bxe7 Qxe7 8. Rc1 c6 9. Bd3 Nxc3 10. Rxc3 dxc4 11. Bxc4 Nd7 12. O-O e5 13. Bb3 e4 14. Nd2 Nf6 15. Rc5 Bg4 16. Qb1 Be2 17. Re1 Bd3 18. Bc2 Nd7 19. Rc3 Bxc2 20. Qxc2 Rfe8 21. f3 Nf6 22. fxe4 Nxe4 23. Nxe4 Qxe4 24. Qxe4 Rxe4 25. Kf2 Rae8 26. Rd1 R4e6 27. Rb3 R6e7 28. Rc3 f5 29. Rd2 Kf7 30. Kf3 Kf6 31. b4 Re4 32. Rb2 g5 33. g3 f4 34. gxf4 gxf4 35. exf4 Rxd4 36. b5 cxb5 37. Rxb5 Re7 38. Rcb3 b6 39. Rc3 Rd2 40. Rc6+ Kf7 41. Rh5 Ke8 42. a4 Rd3+ 43. Kg4 Rd4 44. a5 Rg7+ 45. Kf3 Rf7 46. axb6 Rdxf4+ 47. Ke3 axb6 1/2-1/2

[Event "Superettan(Lulea-Helsingborg)"]
[Site "?"]
[Date "2024.10.06"]
[Round "3"]
[White "Hovhannisyan, Hrayr"]
[Black "Nilsson Hask, Patrik"]
[Result "1-0"]
[WhiteElo "2208"]
[BlackElo "2124"]
[PlyCount "79"]
[SourceVersionDate "2024.10.30"]

1. d4 f5 2. g3 Nf6 3. Bg2 g6 4. Nh3 Bg7 5. c4 d6 6. Nc3 Nc6 7. d5 Ne5 8. O-O
O-O 9. b3 c5 10. Bb2 a6 11. Nf4 Rb8 12. a4 b6 13. Qd2 Ne8 14. Ne6 Bxe6 15. dxe6
Nc7 16. h3 Qe8 17. f4 Nc6 18. Bxc6 Qxc6 19. Nd5 Nxd5 20. cxd5 Qb7 21. Bxg7 Kxg7
22. g4 b5 23. a5 Rbc8 24. Rf3 b4 25. Qd3 Qb5 26. Qc4 Rb8 27. gxf5 Rxf5 28. e4
Rf6 29. Kg2 Qxc4 30. bxc4 b3 31. e5 dxe5 32. fxe5 Rxf3 33. Kxf3 Rb4 34. d6 b2
35. Rb1 exd6 36. exd6 Kf8 37. Ke4 Rxc4+ 38. Kd5 Rc2 39. Rf1+ Kg8 40. e7 1-0

[Event "Superettan(Orgryte-Farsta)"]
[Site "?"]
[Date "2024.10.06"]
[Round "3"]
[White "Arnelind, Mikael"]
[Black "Wieweg, Johnny"]
[Result "1/2-1/2"]
[WhiteElo "2182"]
[BlackElo "2069"]
[PlyCount "54"]
[SourceVersionDate "2024.10.31"]

1. d4 Nf6 2. c4 g6 3. Nc3 Bg7 4. e4 d6 5. h3 O-O 6. Be3 e5 7. d5 a5 8. g4 Na6 9. Nge2 Nc5 10. Ng3 Bd7 11. f3 Ne8 12. Qd2 f5 13. gxf5 gxf5 14. Nxf5 Bxf5 15. exf5 Rxf5 16. O-O-O Qh4 17. Be2 Rf7 18. Rdg1 Nf6 19. Nb5 Nh5 20. Bg5 Qf2 21. Be3 Qh4 22. Bg5 Qf2 23. Rf1 Qg2 24. Rhg1 Qh2 25. Rh1 Qg2 26. Rfg1 Qf2 27. Be3 Qh4 1/2-1/2

[Event "Superettan(Rockaden,Sthlm II-Schack 08)"]
[Site "?"]
[Date "2024.10.06"]
[Round "3"]
[White "Crevatin, Leo"]
[Black "Bjorkeroth, Johan"]
[Result "1-0"]
[WhiteElo "2231"]
[BlackElo "2118"]
[PlyCount "47"]
[SourceVersionDate "2024.11.01"]

1. d4 Nf6 2. c4 e6 3. Nf3 Bb4+ 4. Nbd2 O-O 5. g3 d5 6. Bg2 dxc4 7. Qc2 b5 8. a4 c6 9. axb5 cxb5 10. Ng5 h6 11. h4 g6 12. Bxa8 hxg5 13. hxg5 Nh5 14. O-O Bxd2 15. Qxd2 Qd7 16. d5 a6 17. dxe6 Qa7 18. exf7+ Kh7 19. Qd6 Qxf7 20. Be3 Bh3 21. Bd5 Qe8 22. Rfd1 Ng7 23. Qc7 Nd7 24. Rxa6 1-0

[Event "Superettan(Lulea-Helsingborg)"]
[Site "?"]
[Date "2024.10.06"]
[Round "3"]
[White "Rosell, Tomas"]
[Black "Liden, Tommy"]
[Result "1-0"]
[WhiteElo "2183"]
[BlackElo "2134"]
[PlyCount "79"]
[SourceVersionDate "2024.10.30"]

1. e4 c5 2. Nc3 d6 3. f4 g6 4. Nf3 Bg7 5. Bb5+ Bd7 6. Bc4 Nc6 7. d3 e6 8. O-O
Nge7 9. Bb3 Nd4 10. Nxd4 cxd4 11. Ne2 a5 12. a4 O-O 13. Qe1 f5 14. Ng3 Kh8 15.
exf5 Nxf5 16. Ne4 Qb6 17. Rf3 d5 18. Ng5 Kg8 19. Kh1 h6 20. Nh3 Qd6 21. Bd2 b6
22. Nf2 e5 23. Ng4 exf4 24. Bxf4 Qc5 25. Qe4 Ne7 26. Ne5 Bf5 27. Qe2 Rae8 28.
Qd2 Kh7 29. Rf2 Ng8 30. Nf3 Nf6 31. h3 Bc8 32. Raf1 Ne4 33. dxe4 dxe4 34. Nxd4
Bxd4 35. Bd6 Rxf2 36. Rxf2 e3 37. Rf7+ Kh8 38. Bxc5 exd2 39. Bxd4+ Kg8 40. Rd7+
1-0

[Event "Superettan(Orgryte-Farsta)"]
[Site "?"]
[Date "2024.10.06"]
[Round "3"]
[White "Lindeman, Sven"]
[Black "Eksmyr, Johan"]
[Result "1-0"]
[WhiteElo "2176"]
[BlackElo "2083"]
[PlyCount "43"]
[SourceVersionDate "2024.10.31"]

1. e4 c6 2. d4 d5 3. e5 Bf5 4. h4 h5 5. Bd3 Bxd3 6. Qxd3 e6 7. Bg5 Qb6 8. Nd2 c5 9. c4 Qxb2 10. Rd1 Qxd4 11. Qb3 Qxe5+ 12. Ne2 Qc7 13. cxd5 e5 14. d6 Qc6 15. Nc4 Nd7 16. Nc3 Rc8 17. O-O a6 18. Rfe1 Ngf6 19. Nxe5 Nxe5 20. Rxe5+ Kd8 21. Qxf7 Bxd6 22. Qe7# 1-0